[Event "Novokuznetsk SFO-ch U17"]
[Site "Novokuznetsk"]
[Date "2014.11.07"]
[Round "6"]
[White "Veligjanin, Andrey"]
[Black "Vartanov, Dmitriy"]
[Result "0-1"]
[WhiteElo "1883"]
[BlackElo "1897"]
[PlyCount "94"]
[EventDate "2014.11.02"]
[EventType "swiss"]
[EventRounds "9"]
[EventCountry "RUS"]
[SourceTitle "CBM 163 Extra"]
[Source "ChessBase"]
[SourceDate "2014.12.23"]
[SourceVersion "1"]
[SourceVersionDate "2014.12.23"]
[SourceQuality "1"]

1. e4 d6 2. d4 Nf6 3. Nc3 e5 4. Nf3 Nbd7 5. Bc4 Be7 6. 0-0 0-0 7. a4 c6 8. dxe5 dxe5 9. Qe2 Qc7 10. Rd1 b6 11. Ng5 h6 12. Nxf7 Rxf7 13. Bxf7+ Kxf7 14. Qc4+ Kf8 15. Nd5 Qd6 16. Nc3 Qc7 17. Nd5 Nxd5 18. exd5 Nc5 19. b4 cxd5 20. Rxd5 Ne6 21. Qd3 Bf6 22. b5 e4 23. Qa3+ Kg8 24. Bb2 Bb7 25. Rdd1 Bxb2 26. Qxb2 Nc5 27. Qd4 Qf7 28. Ra3 Rf8 29. h3 Ne6 30. Qd2 Nf4 31. Rg3 Bd5 32. Re1 Bb7 33. Qd4 Qf6 34. Qd2 h5 35. Qc3 Qf7 36. Qe3 h4 37. Rg5 Qf6 38. Rg4 Bc8 39. Qxe4 Bxg4 40. hxg4 h3 41. g3 h2+ 42. Kh1 Nh3 43. Kxh2 Nxf2 44. Qd5+ Qf7 45. Qg5 Nxg4+ 46. Kh3 Nh6 47. Re7 Qf1+ 0-1

[Event "Novokuznetsk SFO-ch U17"]
[Site "Novokuznetsk"]
[Date "2014.11.06"]
[Round "5"]
[White "Patrashov, Edisher"]
[Black "Veligjanin, Andrey"]
[Result "0-1"]
[WhiteElo "1762"]
[BlackElo "1883"]
[PlyCount "58"]
[EventDate "2014.11.02"]
[EventType "swiss"]
[EventRounds "9"]
[EventCountry "RUS"]
[SourceTitle "CBM 163 Extra"]
[Source "ChessBase"]
[SourceDate "2014.12.23"]
[SourceVersion "1"]
[SourceVersionDate "2014.12.23"]
[SourceQuality "1"]

1. d4 d6 2. g3 f5 3. Bg2 Nf6 4. Nf3 g6 5. 0-0 Bg7 6. c3 e6 7. Nbd2 0-0 8. Ng5 Qe7 9. e4 f4 10. Nh3 fxg3 11. fxg3 e5 12. d5 b6 13. a4 a5 14. b4 Bd7 15. Nf2 Qe8 16. Bh3 Bxh3 17. Nxh3 Bh6 18. Nf2 Qd7 19. Nf3 Bxc1 20. Rxc1 h6 21. b5 Kg7 22. Ne1 Qe7 23. Ng2 Nbd7 24. Ng4 Nxe4 25. Qc2 Ndc5 26. Nh4 Qg5 27. Nf2 Nxf2 28. Rxf2 Rxf2 29. Qxf2 Qxc1+ 0-1

[Event "Novokuznetsk SFO-ch U17"]
[Site "Novokuznetsk"]
[Date "2014.11.03"]
[Round "2"]
[White "Veligjanin, Andrey"]
[Black "Datsiy, Sergey"]
[Result "1-0"]
[WhiteElo "1883"]
[BlackElo "800"]
[PlyCount "55"]
[EventDate "2014.11.02"]
[EventType "swiss"]
[EventRounds "9"]
[EventCountry "RUS"]
[SourceTitle "CBM 163 Extra"]
[Source "ChessBase"]
[SourceDate "2014.12.23"]
[SourceVersion "1"]
[SourceVersionDate "2014.12.23"]
[SourceQuality "1"]

1. f4 e6 2. Nf3 Nf6 3. g3 d5 4. Bg2 Bd6 5. 0-0 0-0 6. d3 c5 7. Nc3 d4 8. Ne4 Nc6 9. Nxd6 Qxd6 10. e4 dxe3 11. Bxe3 Ng4 12. Bd2 Nd4 13. Ng5 Nxc2 14. Qxg4 Nxa1 15. Rxa1 Qd4+ 16. Kh1 Qxb2 17. Rd1 h6 18. Ne4 f5 19. Qg6 fxe4 20. Bxe4 Qf6 21. Qh7+ Kf7 22. Rc1 Rg8 23. Rxc5 Bd7 24. Bc3 Qe7 25. Qg6+ Kf8 26. Bb4 a5 27. Ba3 Bc6 28. Rc3 1-0

[Event "Koltsovo op"]
[Site "Koltsovo"]
[Date "2014.07.03"]
[Round "6"]
[White "Kondrakhin, Pavel"]
[Black "Veligjanin, Andrey"]
[Result "1/2-1/2"]
[WhiteElo "1917"]
[BlackElo "1870"]
[PlyCount "46"]
[EventDate "2014.06.28"]
[EventType "swiss"]
[EventRounds "9"]
[EventCountry "RUS"]
[SourceTitle "CBM 161 Extra"]
[Source "ChessBase"]
[SourceDate "2014.08.29"]
[SourceVersion "1"]
[SourceVersionDate "2014.08.29"]
[SourceQuality "1"]

1. Nf3 d6 2. c4 f5 3. d4 Nf6 4. Nc3 g6 5. g3 Bg7 6. Bg2 0-0 7. 0-0 e6 8. Re1 Nc6 9. d5 exd5 10. cxd5 Ne5 11. Qb3 Nfd7 12. Be3 Nc5 13. Bxc5 dxc5 14. Ng5 Kh8 15. Rad1 Qe7 16. Ne6 Bxe6 17. dxe6 c6 18. Rd2 Bh6 19. e3 Rfd8 20. Red1 Rxd2 21. Rxd2 Rc8 22. Ne2 b5 23. Qd1 Bf8 1/2-1/2

[Event "Koltsovo op"]
[Site "Koltsovo"]
[Date "2014.07.02"]
[Round "5"]
[White "Veligjanin, Andrey"]
[Black "Panasenko, Gennady"]
[Result "1-0"]
[WhiteElo "1870"]
[BlackElo "1826"]
[PlyCount "39"]
[EventDate "2014.06.28"]
[EventType "swiss"]
[EventRounds "9"]
[EventCountry "RUS"]
[SourceTitle "CBM 161 Extra"]
[Source "ChessBase"]
[SourceDate "2014.08.29"]
[SourceVersion "1"]
[SourceVersionDate "2014.08.29"]
[SourceQuality "1"]

1. e4 e5 2. Nf3 Nc6 3. Bc4 Be7 4. 0-0 d6 5. h3 f5 6. exf5 Bxf5 7. Nc3 Qd7 8. d4 0-0-0 9. Be3 exd4 10. Nxd4 h5 11. Nxc6 bxc6 12. Bxa7 Qe8 13. Qf3 Nh6 14. Ba6+ Kd7 15. Bb7 Qg6 16. Bxc6+ Kc8 17. Nd5 Bf6 18. Qb3 Qxg2+ 19. Kxg2 Be4+ 20. Kg1 1-0